[Event "DVM U20 2019"]
[Site "Braunschweig GER"]
[Date "2019.12.28"]
[Round "3"]
[White "Hoffmann, Lennard"]
[Black "Eurich, Alexander"]
[Result "1-0"]
[Termination "normal"]
[Board "3.4"]
[WhiteElo "2059"]
[BlackElo "1741"]
[WhiteClock "00:01:57"]
[BlackClock "00:03:22"]
[WhiteTeam "SG Aufbau Elbe Magdeburg"]
[BlackTeam "SF HN-Biberach 1978 e.V."]
[PlyCount "69"]
[WhiteFideId "12943495"]
[BlackFideId "12953121"]
[EventCountry "GER"]
[EventRounds "7"]
[EventType "team-swiss"]
[EventDate "2019.12.26"]

1. e4 {[%clk 1:30:58]} c5 {[%clk 1:30:55]} 2. Nf3 {[%clk 1:31:23]} g6 {[%clk
1:30:36]} 3. d4 {[%clk 1:29:39]} cxd4 {[%clk 1:30:57]} 4. Qxd4 {[%clk 1:28:47]}
Nf6 {[%clk 1:30:26]} 5. e5 {[%clk 1:01:06]} Nc6 {[%clk 1:26:59]} 6. Qc4 {[%clk
0:57:37]} d5 7. exd6 {[%clk 0:55:48]} Qxd6 {[%clk 1:17:42]} 8. Bf4 {[%clk
0:50:20]} Qe6+ {[%clk 1:11:22]} 9. Be2 {[%clk 0:46:48]} Bg7 {[%clk 1:02:41]}
10. Nc3 {[%clk 0:35:34]} O-O {[%clk 0:54:11]} 11. h3 {[%clk 0:29:47]} Qxc4
{[%clk 0:47:06]} 12. Bxc4 {[%clk 0:30:09]} Bf5 {[%clk 0:45:25]} 13. O-O-O
{[%clk 0:26:37]} Na5 {[%clk 0:40:18]} 14. Bd3 {[%clk 0:23:52]} Bxd3 {[%clk
0:37:57]} 15. Rxd3 {[%clk 0:23:58]} Nc6 {[%clk 0:37:53]} 16. Rhd1 {[%clk
0:23:09]} Rfd8 {[%clk 0:37:01]} 17. Ne5 {[%clk 0:21:40]} Rxd3 {[%clk 0:31:10]}
18. Nxd3 {[%clk 0:15:11]} Rd8 {[%clk 0:30:49]} 19. Be3 {[%clk 0:13:44]} Nd5
{[%clk 0:23:56]} 20. Nxd5 {[%clk 0:13:39]} Rxd5 {[%clk 0:24:13]} 21. c4 {[%clk
0:13:13]} Rd8 {[%clk 0:22:18]} 22. b4 {[%clk 0:11:30]} b6 {[%clk 0:17:42]} 23.
c5 {[%clk 0:09:19]} b5 {[%clk 0:14:47]} 24. Kc2 {[%clk 0:07:37]} f5 {[%clk
0:13:06]} 25. f4 {[%clk 0:05:01]} e5 {[%clk 0:07:50]} 26. fxe5 {[%clk 0:04:05]}
Bxe5 {[%clk 0:06:25]} 27. Nxe5 {[%clk 0:03:02]} Nxb4+ {[%clk 0:06:45]} 28. Kb3
{[%clk 0:03:02]} Rxd1 {[%clk 0:05:35]} 29. Kxb4 {[%clk 0:03:25]} Re1 {[%clk
0:04:31]} 30. c6 {[%clk 0:00:38]} Rxe3 {[%clk 0:03:46]} 31. c7 {[%clk 0:01:02]}
Re4+ {[%clk 0:04:02]} 32. Ka5 {[%clk 0:01:18]} Rxe5 {[%clk 0:03:03]} 33. c8=Q+
{[%clk 0:01:40]} Kf7 {[%clk 0:03:22]} 34. Qh8 {[%clk 0:01:44]} Ke6 {[%clk
0:03:22]} 35. Qxh7 {[%clk 0:01:57]} 1-0

[Event "DVM U20 2019"]
[Site "Braunschweig GER"]
[Date "2019.12.28"]
[Round "3"]
[White "Späth, René"]
[Black "Wagner, Benjamin"]
[Result "1/2-1/2"]
[Termination "normal"]
[Board "3.5"]
[WhiteElo "1584"]
[BlackElo "1994"]
[WhiteClock "00:35:24"]
[BlackClock "00:11:21"]
[WhiteTeam "SF HN-Biberach 1978 e.V."]
[BlackTeam "SG Aufbau Elbe Magdeburg"]
[PlyCount "95"]
[WhiteFideId "16224272"]
[BlackFideId "12957330"]
[EventCountry "GER"]
[EventRounds "7"]
[EventType "team-swiss"]
[EventDate "2019.12.26"]

1. e4 {[%clk 1:30:59]} e5 {[%clk 1:30:59]} 2. Nf3 {[%clk 1:31:24]} Nc6 {[%clk
1:31:28]} 3. Bc4 {[%clk 1:31:49]} Bc5 {[%clk 1:31:54]} 4. c3 {[%clk 1:32:15]}
Nf6 {[%clk 1:32:21]} 5. d4 {[%clk 1:32:40]} exd4 {[%clk 1:32:47]} 6. cxd4
{[%clk 1:33:06]} Bb4+ {[%clk 1:33:12]} 7. Bd2 {[%clk 1:33:31]} Bxd2+ {[%clk
1:33:37]} 8. Nbxd2 {[%clk 1:33:55]} d5 {[%clk 1:33:54]} 9. exd5 {[%clk
1:34:17]} Nxd5 {[%clk 1:34:21]} 10. Qb3 {[%clk 1:33:15]} Na5 {[%clk 1:34:36]}
11. Qa4+ {[%clk 1:33:21]} Nc6 {[%clk 1:35:02]} 12. Qb3 {[%clk 1:33:34]} Nce7
{[%clk 1:35:27]} 13. O-O {[%clk 1:33:02]} O-O {[%clk 1:35:45]} 14. Rfe1 {[%clk
1:32:06]} c6 {[%clk 1:35:31]} 15. Ne4 {[%clk 1:29:35]} Qb6 {[%clk 1:30:14]} 16.
Qxb6 {[%clk 1:25:33]} Nxb6 {[%clk 1:28:08]} 17. Bb3 {[%clk 1:23:48]} Nbd5
{[%clk 1:17:45]} 18. h3 {[%clk 1:20:05]} Rd8 {[%clk 1:14:32]} 19. Rad1 {[%clk
1:17:47]} Kf8 {[%clk 1:10:07]} 20. a3 {[%clk 1:07:37]} h6 {[%clk 1:08:16]} 21.
Kh2 {[%clk 1:03:41]} Nf4 {[%clk 1:04:59]} 22. Nc3 {[%clk 1:01:05]} Be6 {[%clk
0:59:27]} 23. Bxe6 {[%clk 0:56:55]} Nxe6 {[%clk 0:59:43]} 24. Rd2 {[%clk
0:56:38]} Nd5 {[%clk 0:56:02]} 25. Na4 {[%clk 0:45:13]} Re8 {[%clk 0:37:20]}
26. g3 {[%clk 0:38:26]} Rad8 {[%clk 0:32:58]} 27. Red1 {[%clk 0:32:03]} Rd6
{[%clk 0:30:35]} 28. Nc5 {[%clk 0:30:46]} Re7 {[%clk 0:25:25]} 29. Ne4 {[%clk
0:25:27]} Rd8 {[%clk 0:23:13]} 30. Re1 {[%clk 0:25:12]} f5 {[%clk 0:20:15]} 31.
Nc5 {[%clk 0:23:23]} Nxc5 {[%clk 0:17:56]} 32. Rxe7 {[%clk 0:23:29]} Nxe7
{[%clk 0:13:42]} 33. dxc5 {[%clk 0:23:37]} Rxd2 {[%clk 0:12:53]} 34. Nxd2
{[%clk 0:24:00]} Kf7 {[%clk 0:13:04]} 35. Kg2 {[%clk 0:24:06]} Ke6 {[%clk
0:13:00]} 36. Kf3 {[%clk 0:22:33]} Kd5 {[%clk 0:13:00]} 37. b4 {[%clk 0:22:58]}
a5 {[%clk 0:08:24]} 38. Ke3 {[%clk 0:21:49]} a4 {[%clk 0:06:31]} 39. Kd3 {[%clk
0:21:22]} f4 {[%clk 0:04:12]} 40. g4 {[%clk 0:20:54]} Ng6 {[%clk 0:01:23]} 41.
Nc4 {[%clk 0:19:19]} f3 {[%clk 0:15:37]} 42. Nb6+ {[%clk 0:46:11]} Ke5 {[%clk
0:15:58]} 43. Ke3 {[%clk 0:46:20]} Nh4 {[%clk 0:15:40]} 44. Nxa4 {[%clk
0:45:45]} Ng2+ {[%clk 0:15:50]} 45. Kxf3 {[%clk 0:45:49]} Ne1+ {[%clk 0:16:13]}
46. Ke2 {[%clk 0:45:24]} Nc2 {[%clk 0:16:38]} 47. Nb2 {[%clk 0:39:19]} Kd4
{[%clk 0:11:21]} 48. Kd2 {[%clk 0:35:24]} *

[Event "DVM U20 2019"]
[Site "Braunschweig GER"]
[Date "2019.12.28"]
[Round "3"]
[White "von Angern, Cedric"]
[Black "Gerold, Robin"]
[Result "1-0"]
[Termination "normal"]
[Board "3.6"]
[WhiteElo "1867"]
[BlackElo "1448"]
[WhiteClock "00:03:35"]
[BlackClock "01:09:41"]
[WhiteTeam "SG Aufbau Elbe Magdeburg"]
[BlackTeam "SF HN-Biberach 1978 e.V."]
[PlyCount "149"]
[WhiteFideId "12921106"]
[BlackFideId "16235185"]
[EventCountry "GER"]
[EventRounds "7"]
[EventType "team-swiss"]
[EventDate "2019.12.26"]

1. e4 {[%clk 1:30:58]} c5 {[%clk 1:30:45]} 2. Nf3 {[%clk 1:31:18]} Nc6 {[%clk
1:31:07]} 3. d4 {[%clk 1:31:05]} cxd4 {[%clk 1:30:48]} 4. Nxd4 {[%clk 1:31:30]}
g6 {[%clk 1:31:11]} 5. c4 {[%clk 1:31:53]} Bg7 {[%clk 1:30:12]} 6. Be3 {[%clk
1:31:49]} Nf6 {[%clk 1:30:21]} 7. Nc3 {[%clk 1:32:04]} O-O {[%clk 1:30:09]} 8.
Be2 {[%clk 1:31:25]} Re8 {[%clk 1:29:52]} 9. O-O {[%clk 1:31:10]} b6 {[%clk
1:24:19]} 10. Qd2 {[%clk 1:30:48]} Bb7 {[%clk 1:24:27]} 11. f3 {[%clk 1:30:43]}
e6 {[%clk 1:24:30]} 12. Rfd1 {[%clk 1:26:49]} d5 {[%clk 1:22:28]} 13. Nxc6
{[%clk 1:23:10]} Bxc6 {[%clk 1:22:48]} 14. cxd5 {[%clk 1:23:06]} exd5 {[%clk
1:23:12]} 15. exd5 {[%clk 1:23:02]} Nxd5 {[%clk 1:22:50]} 16. Nxd5 {[%clk
1:21:10]} Qxd5 {[%clk 1:22:40]} 17. Qxd5 {[%clk 1:18:59]} Bxd5 {[%clk 1:23:06]}
18. Kf2 {[%clk 1:17:58]} Be6 {[%clk 1:22:07]} 19. Bd4 {[%clk 1:15:33]} Red8
{[%clk 1:20:19]} 20. Bxg7 {[%clk 1:15:06]} Kxg7 {[%clk 1:20:47]} 21. a3 {[%clk
1:02:00]} Rac8 {[%clk 1:17:01]} 22. Rxd8 {[%clk 0:57:35]} Rxd8 {[%clk 1:17:25]}
23. Rd1 {[%clk 0:51:18]} Rxd1 {[%clk 1:15:02]} 24. Bxd1 {[%clk 0:51:42]} Kf6
{[%clk 1:15:31]} 25. Ke3 {[%clk 0:51:13]} Ke5 {[%clk 1:14:43]} 26. f4+ {[%clk
0:45:39]} Kd5 {[%clk 1:05:07]} 27. Bb3+ {[%clk 0:40:04]} Kd6 {[%clk 1:05:17]}
28. Bxe6 {[%clk 0:39:56]} Kxe6 {[%clk 1:05:41]} 29. Ke4 {[%clk 0:39:49]} f5+
{[%clk 1:05:42]} 30. Kd4 {[%clk 0:39:46]} Kd6 {[%clk 1:06:03]} 31. b3 {[%clk
0:32:05]} a6 {[%clk 1:06:21]} 32. b4 {[%clk 0:31:24]} Ke6 {[%clk 1:04:37]} 33.
a4 {[%clk 0:19:30]} Kd6 {[%clk 1:04:51]} 34. h3 {[%clk 0:12:17]} h6 {[%clk
1:04:28]} 35. a5 {[%clk 0:07:21]} bxa5 {[%clk 1:03:54]} 36. bxa5 {[%clk
0:07:10]} Kc6 {[%clk 0:49:44]} 37. Ke5 {[%clk 0:07:17]} Kb5 {[%clk 0:50:06]}
38. g4 {[%clk 0:03:42]} Kxa5 {[%clk 0:49:24]} 39. gxf5 {[%clk 0:03:08]} gxf5
{[%clk 0:49:42]} 40. Kxf5 {[%clk 0:03:34]} Kb5 {[%clk 0:50:06]} 41. Kg6 {[%clk
0:29:28]} a5 {[%clk 1:20:28]} 42. f5 {[%clk 0:29:52]} a4 {[%clk 1:20:55]} 43.
f6 {[%clk 0:30:11]} a3 {[%clk 1:21:17]} 44. f7 {[%clk 0:30:35]} a2 {[%clk
1:21:46]} 45. f8=Q a1=Q 46. Qf5+ {[%clk 0:29:39]} Kc4 {[%clk 1:21:09]} 47. Kxh6
{[%clk 0:29:11]} Qh8+ {[%clk 1:20:32]} 48. Kg5 {[%clk 0:27:35]} Qg8+ {[%clk
1:19:18]} 49. Kf4 {[%clk 0:22:43]} Qb8+ {[%clk 1:18:37]} 50. Kf3 {[%clk
0:20:34]} Qb3+ {[%clk 1:18:39]} 51. Kg4 {[%clk 0:20:28]} Qd1+ {[%clk 1:18:38]}
52. Kg5 {[%clk 0:17:19]} Qd8+ {[%clk 1:18:50]} 53. Kg6 {[%clk 0:16:53]} Qg8+
{[%clk 1:18:25]} 54. Kh5 {[%clk 0:15:34]} Qh8+ {[%clk 1:17:59]} 55. Kg4 {[%clk
0:15:26]} Qg7+ {[%clk 1:18:02]} 56. Qg5 {[%clk 0:14:47]} Qd7+ {[%clk 1:18:16]}
57. Kg3 {[%clk 0:13:23]} Qd3+ {[%clk 1:18:10]} 58. Kh4 {[%clk 0:05:35]} Qh7+
{[%clk 1:18:15]} 59. Kg4 {[%clk 0:04:37]} Qd7+ {[%clk 1:18:26]} 60. Qf5 {[%clk
0:04:57]} Qg7+ {[%clk 1:15:49]} 61. Kf3 {[%clk 0:03:58]} Qc3+ {[%clk 1:15:45]}
62. Kf4 {[%clk 0:04:10]} Qd2+ {[%clk 1:15:49]} 63. Ke5 {[%clk 0:04:32]} Qd5+
{[%clk 1:15:22]} 64. Kf6 {[%clk 0:04:47]} Qd8+ {[%clk 1:15:10]} 65. Kg7 {[%clk
0:04:47]} Qd4+ {[%clk 1:15:23]} 66. Qf6 {[%clk 0:03:00]} Qg1+ {[%clk 1:15:30]}
67. Kh7 {[%clk 0:02:24]} Qb1+ {[%clk 1:14:37]} 68. Qg6 {[%clk 0:02:27]} Qb7+
{[%clk 1:14:53]} 69. Kh8 {[%clk 0:02:37]} Qh1 {[%clk 1:13:39]} 70. Qg4+ {[%clk
0:02:48]} Kc5 {[%clk 1:10:30]} 71. Qg5+ {[%clk 0:03:08]} Kd6 {[%clk 1:10:27]}
72. Qf6+ {[%clk 0:03:07]} Kc5 {[%clk 1:10:29]} 73. h4 {[%clk 0:03:31]} Qa8+
{[%clk 1:09:50]} 74. Kg7 {[%clk 0:03:39]} Qb7+ {[%clk 1:09:41]} 75. Kh6 {[%clk
0:03:35]} *

[Event "DVM U20 2019"]
[Site "Braunschweig GER"]
[Date "2019.12.28"]
[Round "3"]
[White "Kololli, Martin"]
[Black "Vuckovic, Zarko"]
[Result "1-0"]
[Termination "normal"]
[Board "4.1"]
[WhiteTitle "FM"]
[WhiteElo "2343"]
[BlackElo "2258"]
[WhiteClock "00:10:18"]
[BlackClock "00:32:39"]
[WhiteTeam "Lübecker SV"]
[BlackTeam "Schachfreunde Augsburg"]
[PlyCount "87"]
[WhiteFideId "12936910"]
[BlackFideId "12952087"]
[EventCountry "GER"]
[EventRounds "7"]
[EventType "team-swiss"]
[EventDate "2019.12.26"]

1. e4 {[%clk 1:30:57]} c5 {[%clk 1:30:54]} 2. c3 {[%clk 1:31:23]} d5 {[%clk
1:31:21]} 3. exd5 {[%clk 1:31:49]} Qxd5 {[%clk 1:31:47]} 4. d4 {[%clk 1:32:14]}
g6 {[%clk 1:32:14]} 5. Nf3 {[%clk 1:32:33]} Bg7 {[%clk 1:32:37]} 6. Be3 {[%clk
1:32:55]} cxd4 {[%clk 1:33:03]} 7. cxd4 {[%clk 1:33:20]} Qd8 {[%clk 1:33:29]}
8. Nc3 {[%clk 1:31:21]} Nh6 {[%clk 1:33:52]} 9. Bc4 {[%clk 1:25:50]} O-O {[%clk
1:32:58]} 10. O-O {[%clk 1:24:45]} Nf5 {[%clk 1:32:27]} 11. Qe2 {[%clk
1:17:12]} b6 {[%clk 1:21:59]} 12. Rfe1 {[%clk 1:10:08]} Bb7 {[%clk 1:21:48]}
13. Rad1 {[%clk 1:02:54]} Nd7 {[%clk 1:16:18]} 14. Bg5 {[%clk 0:58:35]} Nf6
{[%clk 1:09:59]} 15. Ne5 a6 16. a4 {[%clk 0:46:37]} Nd6 {[%clk 0:56:40]} 17.
Bd3 {[%clk 0:41:04]} Nd5 {[%clk 0:54:17]} 18. Ng4 {[%clk 0:39:28]} Qd7 {[%clk
0:50:48]} 19. Ne5 {[%clk 0:35:03]} Qe6 {[%clk 0:42:13]} 20. Qf1 {[%clk
0:33:20]} Nxc3 {[%clk 0:25:50]} 21. bxc3 {[%clk 0:30:02]} Qd5 {[%clk 0:25:46]}
22. Bxe7 {[%clk 0:22:45]} Rfe8 {[%clk 0:25:52]} 23. Bxd6 {[%clk 0:15:36]} Qxd6
{[%clk 0:26:11]} 24. f4 {[%clk 0:13:55]} f6 {[%clk 0:24:38]} 25. Bc4+ {[%clk
0:12:02]} Kf8 {[%clk 0:25:00]} 26. Ba2 {[%clk 0:05:44]} Rac8 {[%clk 0:24:28]}
27. c4 {[%clk 0:05:19]} Rc7 {[%clk 0:12:30]} 28. c5 {[%clk 0:03:32]} bxc5
{[%clk 0:12:53]} 29. Qc4 {[%clk 0:01:41]} Bd5 {[%clk 0:11:52]} 30. dxc5 {[%clk
0:00:59]} Qe6 {[%clk 0:11:18]} 31. Rxd5 {[%clk 0:00:41]} fxe5 {[%clk 0:11:43]}
32. fxe5 {[%clk 0:00:56]} Bh6 {[%clk 0:11:17]} 33. Qd4 {[%clk 0:00:52]} Kg7
{[%clk 0:11:09]} 34. Bc4 {[%clk 0:01:00]} Kh8 {[%clk 0:10:28]} 35. Rd6 {[%clk
0:00:49]} Qe7 {[%clk 0:10:53]} 36. Re6 {[%clk 0:00:42]} Qd8 {[%clk 0:10:51]}
37. Rd6 {[%clk 0:00:43]} Qe7 {[%clk 0:11:17]} 38. Qd5 {[%clk 0:00:44]} Qh4
{[%clk 0:11:12]} 39. Re4 {[%clk 0:00:45]} Qg5 {[%clk 0:11:19]} 40. Re1 {[%clk
0:00:45]} Qh4 {[%clk 0:09:59]} 41. g3 {[%clk 0:26:56]} Qg5 {[%clk 0:38:18]} 42.
c6 {[%clk 0:19:54]} Rce7 {[%clk 0:34:13]} 43. Rd7 {[%clk 0:18:31]} Bg7 {[%clk
0:32:39]} 44. c7 {[%clk 0:10:18]} 1-0

[Event "DVM U20 2019"]
[Site "Braunschweig GER"]
[Date "2019.12.28"]
[Round "3"]
[White "Mundt, Alexandra"]
[Black "Vuckovic, Robert"]
[Result "1-0"]
[Termination "normal"]
[Board "4.5"]
[WhiteElo "1775"]
[BlackElo "1897"]
[WhiteClock "00:06:49"]
[BlackClock "00:53:42"]
[WhiteTeam "Lübecker SV"]
[BlackTeam "Schachfreunde Augsburg"]
[PlyCount "121"]
[WhiteFideId "16217276"]
[BlackFideId "12998680"]
[EventCountry "GER"]
[EventRounds "7"]
[EventType "team-swiss"]
[EventDate "2019.12.26"]

1. e4 {[%clk 1:30:58]} c5 {[%clk 1:30:45]} 2. Nf3 {[%clk 1:31:22]} Nc6 {[%clk
1:31:08]} 3. d4 {[%clk 1:31:44]} cxd4 {[%clk 1:31:33]} 4. Nxd4 {[%clk 1:32:08]}
Qb6 {[%clk 1:31:56]} 5. Nb3 {[%clk 1:30:47]} Nf6 {[%clk 1:31:50]} 6. Nc3 {[%clk
1:30:52]} e6 {[%clk 1:32:10]} 7. Be3 {[%clk 1:27:14]} Qc7 {[%clk 1:32:33]} 8.
a3 {[%clk 1:27:32]} Be7 {[%clk 1:30:49]} 9. Be2 {[%clk 1:23:54]} O-O {[%clk
1:29:24]} 10. O-O {[%clk 1:22:20]} a6 {[%clk 1:22:32]} 11. Kh1 {[%clk 1:10:33]}
b5 {[%clk 1:21:26]} 12. f4 {[%clk 1:05:44]} d6 {[%clk 1:21:04]} 13. Bf3 {[%clk
1:00:17]} Bb7 {[%clk 1:19:43]} 14. Qe1 {[%clk 0:53:05]} Rfd8 {[%clk 1:17:18]}
15. Qg3 {[%clk 0:49:09]} Rd7 16. Rad1 {[%clk 0:30:31]} Rad8 {[%clk 1:13:51]}
17. Rfe1 {[%clk 0:24:13]} Na5 {[%clk 1:08:16]} 18. Nxa5 {[%clk 0:23:23]} Qxa5
{[%clk 1:08:38]} 19. Qf2 {[%clk 0:23:44]} Qc7 {[%clk 1:07:27]} 20. Bb6 {[%clk
0:24:00]} Qc8 {[%clk 1:07:42]} 21. Bxd8 {[%clk 0:24:10]} Bxd8 {[%clk 1:06:36]}
22. e5 {[%clk 0:20:29]} Ne8 {[%clk 0:57:48]} 23. Bxb7 {[%clk 0:19:13]} Qxb7
{[%clk 0:58:10]} 24. Qf3 {[%clk 0:19:36]} Qxf3 {[%clk 0:57:26]} 25. gxf3 {[%clk
0:20:05]} d5 {[%clk 0:57:35]} 26. Ne2 {[%clk 0:19:41]} g6 {[%clk 0:56:24]} 27.
Rd3 {[%clk 0:16:03]} Kf8 {[%clk 0:50:09]} 28. Red1 {[%clk 0:13:39]} Ba5 {[%clk
0:47:08]} 29. b4 {[%clk 0:12:11]} Bb6 {[%clk 0:47:11]} 30. Rc3 {[%clk 0:11:56]}
Ke7 {[%clk 0:45:36]} 31. Rc6 {[%clk 0:10:58]} Rb7 {[%clk 0:46:00]} 32. Rc3
{[%clk 0:08:53]} Kd7 {[%clk 0:46:04]} 33. Kg2 {[%clk 0:08:18]} Ng7 {[%clk
0:46:25]} 34. Ng3 {[%clk 0:07:14]} Bd8 {[%clk 0:43:54]} 35. Ne4 {[%clk
0:04:49]} Be7 {[%clk 0:41:14]} 36. Rdd3 {[%clk 0:02:50]} Nf5 {[%clk 0:40:54]}
37. Ng3 {[%clk 0:01:16]} Ng7 {[%clk 0:40:20]} 38. Ne4 {[%clk 0:01:44]} Nf5
{[%clk 0:40:41]} 39. Nc5+ {[%clk 0:01:39]} Bxc5 {[%clk 0:41:00]} 40. Rxc5
{[%clk 0:02:03]} Ra7 {[%clk 0:39:01]} 41. Kh3 {[%clk 0:28:35]} Rc7 {[%clk
1:01:51]} 42. Rxc7+ {[%clk 0:28:16]} Kxc7 {[%clk 1:02:20]} 43. Kg4 {[%clk
0:28:26]} h6 {[%clk 1:02:06]} 44. h4 {[%clk 0:26:27]} Ng7 {[%clk 0:57:50]} 45.
a4 {[%clk 0:17:54]} Kb6 {[%clk 0:55:09]} 46. axb5 {[%clk 0:14:22]} Kxb5 {[%clk
0:55:24]} 47. Ra3 {[%clk 0:14:40]} Nf5 {[%clk 0:55:30]} 48. c3 {[%clk 0:13:26]}
Ne3+ {[%clk 0:55:16]} 49. Kg3 {[%clk 0:13:11]} Nc4 {[%clk 0:55:23]} 50. Ra1
{[%clk 0:13:11]} h5 {[%clk 0:55:38]} 51. Kf2 {[%clk 0:09:56]} Kb6 {[%clk
0:55:26]} 52. Ke2 {[%clk 0:08:25]} Kb5 {[%clk 0:54:16]} 53. Kd3 {[%clk
0:08:25]} Kb6 {[%clk 0:54:39]} 54. Kd4 {[%clk 0:08:35]} Nd2 {[%clk 0:54:53]}
55. Ke3 {[%clk 0:08:28]} Nc4+ {[%clk 0:55:06]} 56. Kd3 {[%clk 0:08:48]} Nb2+
{[%clk 0:54:18]} 57. Ke2 {[%clk 0:08:58]} Nc4 {[%clk 0:54:36]} 58. Ra2 {[%clk
0:09:21]} Kb5 {[%clk 0:54:13]} 59. Kd3 {[%clk 0:08:36]} Kb6 {[%clk 0:53:37]}
60. Kd4 {[%clk 0:08:48]} Kb5 {[%clk 0:53:42]} 61. f5 {[%clk 0:06:49]} *

[Event "DVM U20 2019"]
[Site "Braunschweig GER"]
[Date "2019.12.28"]
[Round "3"]
[White "Hamkar, Mehran"]
[Black "Kroschel, Anton"]
[Result "1/2-1/2"]
[Termination "normal"]
[Board "4.6"]
[WhiteElo "1814"]
[BlackElo "1756"]
[WhiteClock "00:03:13"]
[BlackClock "00:00:55"]
[WhiteTeam "Schachfreunde Augsburg"]
[BlackTeam "Lübecker SV"]
[PlyCount "78"]
[WhiteFideId "16216946"]
[BlackFideId "12969834"]
[EventCountry "GER"]
[EventRounds "7"]
[EventType "team-swiss"]
[EventDate "2019.12.26"]

1. e4 {[%clk 1:30:56]} c5 {[%clk 1:30:46]} 2. Nc3 {[%clk 1:31:16]} Nc6 {[%clk
1:30:36]} 3. g3 {[%clk 1:31:34]} g6 {[%clk 1:30:09]} 4. d3 {[%clk 1:31:54]} Bg7
{[%clk 1:30:32]} 5. Be3 {[%clk 1:32:11]} d6 {[%clk 1:29:38]} 6. Qd2 {[%clk
1:32:28]} h6 {[%clk 1:26:46]} 7. Bg2 {[%clk 1:32:27]} Nf6 {[%clk 1:25:10]} 8.
h3 {[%clk 1:32:28]} Rb8 {[%clk 1:23:50]} 9. f4 {[%clk 1:32:33]} e5 {[%clk
1:18:16]} 10. Nf3 {[%clk 1:30:45]} Nh5 {[%clk 1:10:08]} 11. Qf2 {[%clk
1:29:08]} Nd4 {[%clk 0:53:48]} 12. O-O {[%clk 1:20:57]} Be6 13. fxe5 {[%clk
0:33:05]} dxe5 {[%clk 0:53:15]} 14. g4 {[%clk 0:30:00]} Nf4 {[%clk 0:40:59]}
15. Nxd4 {[%clk 0:21:22]} Nxh3+ {[%clk 0:39:47]} 16. Bxh3 {[%clk 0:21:25]} cxd4
{[%clk 0:40:06]} 17. Bd2 {[%clk 0:20:01]} dxc3 {[%clk 0:40:26]} 18. bxc3 {[%clk
0:19:40]} b6 {[%clk 0:38:53]} 19. g5 {[%clk 0:08:31]} Qe7 {[%clk 0:34:39]} 20.
Bxe6 {[%clk 0:07:51]} Qxe6 {[%clk 0:33:23]} 21. Qg2 {[%clk 0:07:29]} hxg5
{[%clk 0:30:46]} 22. Bxg5 {[%clk 0:07:49]} Kd7 {[%clk 0:21:05]} 23. Rf3 {[%clk
0:07:58]} f6 {[%clk 0:19:35]} 24. Be3 {[%clk 0:08:19]} Bh6 {[%clk 0:17:03]} 25.
Bxh6 {[%clk 0:07:19]} Rxh6 {[%clk 0:17:28]} 26. Raf1 {[%clk 0:06:39]} g5 {[%clk
0:17:23]} 27. d4 {[%clk 0:04:34]} Ke7 {[%clk 0:09:17]} 28. d5 {[%clk 0:04:16]}
Qd6 {[%clk 0:09:07]} 29. Qg4 {[%clk 0:03:55]} Rbh8 {[%clk 0:08:33]} 30. R1f2
{[%clk 0:03:06]} Rh4 {[%clk 0:07:14]} 31. Qf5 {[%clk 0:02:27]} Rh1+ {[%clk
0:05:17]} 32. Kg2 {[%clk 0:02:52]} R1h2+ {[%clk 0:05:16]} 33. Kg3 {[%clk
0:02:34]} Rxf2 {[%clk 0:05:28]} 34. Rxf2 {[%clk 0:02:48]} Rh6 {[%clk 0:04:35]}
35. Qc8 {[%clk 0:03:01]} Qd7 {[%clk 0:03:26]} 36. Qxd7+ {[%clk 0:02:45]} Kxd7
{[%clk 0:03:56]} 37. Rh2 {[%clk 0:02:24]} Rxh2 {[%clk 0:02:37]} 38. Kxh2 {[%clk
0:02:52]} b5 {[%clk 0:01:21]} 39. Kg3 {[%clk 0:03:13]} Kd6 {[%clk 0:00:55]}
1/2-1/2

[Event "DVM U20 2019"]
[Site "Braunschweig GER"]
[Date "2019.12.28"]
[Round "3"]
[White "Gorainow, Nikita"]
[Black "Wu, Leon"]
[Result "1/2-1/2"]
[Termination "normal"]
[Board "5.3"]
[WhiteElo "1946"]
[BlackElo "2019"]
[WhiteClock "00:04:40"]
[BlackClock "00:07:02"]
[WhiteTeam "SF Katernberg"]
[BlackTeam "OSG Baden-Baden"]
[PlyCount "111"]
[WhiteFideId "12970093"]
[BlackFideId "12977438"]
[EventCountry "GER"]
[EventRounds "7"]
[EventType "team-swiss"]
[EventDate "2019.12.26"]

1. e4 {[%clk 1:30:57]} e5 {[%clk 1:30:51]} 2. Nf3 {[%clk 1:31:23]} Nc6 {[%clk
1:31:17]} 3. Bc4 {[%clk 1:31:50]} Bc5 {[%clk 1:31:37]} 4. c3 {[%clk 1:32:06]}
Nf6 {[%clk 1:31:59]} 5. d3 {[%clk 1:32:32]} d6 {[%clk 1:32:09]} 6. h3 {[%clk
1:32:29]} a6 {[%clk 1:32:01]} 7. Bb3 {[%clk 1:32:54]} Ba7 {[%clk 1:31:19]} 8.
Nbd2 {[%clk 1:32:41]} Ne7 {[%clk 1:30:57]} 9. Nf1 {[%clk 1:31:37]} Ng6 {[%clk
1:30:52]} 10. Ng3 {[%clk 1:15:32]} h6 {[%clk 1:25:59]} 11. Qe2 {[%clk 0:50:42]}
Be6 {[%clk 1:20:23]} 12. Bd2 {[%clk 0:45:48]} b5 {[%clk 1:15:42]} 13. O-O
{[%clk 0:42:05]} O-O {[%clk 1:14:17]} 14. Rad1 {[%clk 0:40:16]} Re8 15. Nh2
{[%clk 0:34:41]} d5 {[%clk 1:04:23]} 16. Bc1 {[%clk 0:32:55]} c5 {[%clk
1:04:20]} 17. Ng4 {[%clk 0:29:29]} d4 18. Bxe6 {[%clk 0:17:13]} fxe6 {[%clk
0:58:41]} 19. Nxf6+ {[%clk 0:15:28]} Qxf6 {[%clk 0:58:39]} 20. Qg4 {[%clk
0:14:18]} c4 {[%clk 0:37:54]} 21. Nh5 {[%clk 0:12:37]} Qf7 {[%clk 0:38:09]} 22.
cxd4 {[%clk 0:06:24]} Bxd4 {[%clk 0:37:15]} 23. Kh2 {[%clk 0:06:01]} Rf8 {[%clk
0:35:49]} 24. f4 {[%clk 0:04:48]} exf4 {[%clk 0:35:43]} 25. Nxf4 Be5 {[%clk
0:33:23]} 26. g3 {[%clk 0:04:49]} Nxf4 {[%clk 0:31:40]} 27. gxf4 {[%clk
0:05:12]} Bc7 {[%clk 0:31:54]} 28. Kg2 {[%clk 0:04:00]} Kh7 {[%clk 0:20:50]}
29. dxc4 {[%clk 0:03:14]} bxc4 {[%clk 0:20:35]} 30. f5 {[%clk 0:02:27]} exf5
{[%clk 0:20:25]} 31. Rxf5 {[%clk 0:01:04]} Qe7 {[%clk 0:20:18]} 32. Bxh6 {[%clk
0:00:35]} Rxf5 {[%clk 0:16:44]} 33. exf5 {[%clk 0:00:41]} gxh6 {[%clk 0:10:45]}
34. Qg6+ {[%clk 0:00:36]} Kh8 {[%clk 0:11:08]} 35. Qxh6+ {[%clk 0:01:02]} Kg8
{[%clk 0:06:27]} 36. Qg6+ {[%clk 0:00:49]} Qg7 {[%clk 0:05:10]} 37. Qxg7+
{[%clk 0:01:15]} Kxg7 {[%clk 0:05:36]} 38. Rd7+ {[%clk 0:01:42]} Kf6 {[%clk
0:05:57]} 39. Rxc7 {[%clk 0:02:08]} Rb8 {[%clk 0:06:13]} 40. b3 {[%clk
0:01:34]} cxb3 {[%clk 0:03:19]} 41. axb3 Rb6 {[%clk 0:02:46]} 42. Rc5 {[%clk
0:01:45]} Rxb3 {[%clk 0:03:05]} 43. Rc6+ {[%clk 0:02:09]} Kxf5 {[%clk 0:03:31]}
44. Rxa6 {[%clk 0:02:35]} Kf4 {[%clk 0:03:35]} 45. Rf6+ {[%clk 0:02:50]} Kg5
{[%clk 0:03:54]} 46. Rf2 {[%clk 0:02:42]} Ra3 {[%clk 0:03:56]} 47. Rb2 {[%clk
0:02:55]} Rc3 {[%clk 0:04:12]} 48. Rb5+ {[%clk 0:02:41]} Kf4 {[%clk 0:04:26]}
49. h4 {[%clk 0:02:34]} Rc2+ {[%clk 0:04:48]} 50. Kf1 {[%clk 0:02:58]} Rc1+
{[%clk 0:05:11]} 51. Ke2 {[%clk 0:03:17]} Rc2+ {[%clk 0:05:36]} 52. Kd3 {[%clk
0:03:16]} Rh2 {[%clk 0:06:00]} 53. h5 {[%clk 0:03:43]} Kg4 {[%clk 0:06:24]} 54.
Ke4 {[%clk 0:03:49]} Rxh5 {[%clk 0:06:37]} 55. Rxh5 {[%clk 0:04:11]} Kxh5
{[%clk 0:07:02]} 56. Kf5 {[%clk 0:04:40]} 1/2-1/2